Statistics for Groups of Nine Quiz

Click here to take the quiz!

General Stats

  • This quiz has been taken 81,795 times
    (50,386 since last reset)
  • The average score is 51 of 81

Answer Stats

Group Answer % Correct
Planets (before 2006)Earth
97%
Planets (before 2006)Mars
97%
Planets (before 2006)Pluto
96%
Planets (before 2006)Saturn
95%
Planets (before 2006)Jupiter
94%
Planets (before 2006)Venus
94%
Planets (before 2006)Uranus
93%
Countries with Nuclear WeaponsUnited States
92%
Planets (before 2006)Mercury
92%
Countries with Nuclear WeaponsRussia
92%
Countries on the Baltic SeaRussia
92%
Santa's ReindeerRudolph
90%
Planets (before 2006)Neptune
90%
Countries with Nuclear WeaponsUnited Kingdom
84%
Countries on the Baltic SeaGermany
81%
Countries with Nuclear WeaponsChina
79%
Countries with Nuclear WeaponsNorth Korea
78%
Countries with Nuclear WeaponsFrance
76%
Poker HandsFlush
75%
Names of English Kings (1066-present)Henry
75%
Countries on the Baltic SeaSweden
73%
Countries on the Baltic SeaFinland
73%
Baseball PositionsPitcher
73%
Santa's ReindeerBlitzen
72%
Poker HandsStraight Flush
72%
Santa's ReindeerPrancer
72%
Poker HandsFull House
70%
Santa's ReindeerDancer
70%
Countries on the Baltic SeaPoland
70%
Countries on the Baltic SeaDenmark
70%
Countries on the Baltic SeaEstonia
69%
Names of English Kings (1066-present)George
68%
Countries on the Baltic SeaLatvia
68%
Poker HandsStraight
67%
Countries on the Baltic SeaLithuania
67%
Baseball PositionsThird Baseman
65%
Baseball PositionsSecond Baseman
65%
Baseball PositionsFirst Baseman
65%
Santa's ReindeerDonner
65%
Countries with Nuclear WeaponsIndia
64%
Names of English Kings (1066-present)William
64%
Santa's ReindeerVixen
63%
Fellowship of the RingFrodo
63%
Poker HandsOne Pair
62%
Baseball PositionsCatcher
62%
Santa's ReindeerDasher
62%
Poker HandsTwo Pair
61%
Poker HandsThree of a Kind
60%
Names of English Kings (1066-present)Charles
59%
Santa's ReindeerComet
59%
Names of English Kings (1066-present)Edward
58%
Santa's ReindeerCupid
58%
Fellowship of the RingGandalf
57%
Fellowship of the RingSamwise
56%
Names of English Kings (1066-present)John
55%
Poker HandsFour of a Kind
54%
Baseball PositionsShortstop
54%
Countries with Nuclear WeaponsPakistan
53%
Names of English Kings (1066-present)James
52%
Baseball PositionsLeft Fielder
50%
Baseball PositionsRight Fielder
50%
Fellowship of the RingLegolas
48%
Countries with Nuclear WeaponsIsrael
47%
Names of English Kings (1066-present)Richard
47%
Baseball PositionsCenter Fielder
46%
Fellowship of the RingAragorn
44%
Fellowship of the RingPippin
43%
Fellowship of the RingGimli
41%
Brady Bunch CharactersMarcia
41%
Fellowship of the RingMerry
40%
Fellowship of the RingBoromir
38%
Poker HandsHigh Card
36%
Brady Bunch CharactersJan
33%
Brady Bunch CharactersPeter
33%
Brady Bunch CharactersGreg
28%
Brady Bunch CharactersCindy
28%
Brady Bunch CharactersAlice
28%
Brady Bunch CharactersBobby
27%
Names of English Kings (1066-present)Stephen
22%
Brady Bunch CharactersMike
22%
Brady Bunch CharactersCarol
21%

Score Distribution

Percentile by Number Answered

Percent of People with Each Score

Your Score History

You have not taken this quiz since the last reset